Personnages célèbres - Série 59 - Statistiques

Statistiques générales
  • Ce quiz a été pris 144 fois
  • Le résultat moyen est 8 sur 15
Statistiques - réponses
Par images Hint Réponse % Correct
Cristina - télévision Cordula
89%
Elodie Gossuin
77%
Gérard - journaliste Holtz
68%
Laurent - cinéma Ournac
63%
Haroun - vulcanologue Tazieff
60%
Natacha - journaliste Polony
56%
Laurent - cinéma Lafitte
55%
Charlotte - cinéma Rampling
54%
Henri - cinéma Fonda
52%
Mélanie - cinéma Doutey
49%
Camille - cinéma Cottin
48%
Guy - athlétisme Drut
46%
Jacques - cinéma Gamblin
38%
Neve - cinéma Campbell
35%
Natacha - cinéma Lindinger
8%
Aucun quiz correspondant
Distribution des résultats
% des personnes avec chaque résultat
Percentile par nombre de réponses
Votre historique - résultats
Vous n’avez pas pris ce quiz